Gaming Quiz

Random Gaming Quiz

Call Of Duty Slang Terms Quiz Stats

 Plays Quiz not verified by Sporcle

Challenge
Share
Tweet
Embed
Score 0/13 Timer 05:00
0 Plays Today
Game occurance slang name % Correct
A person who is just terriblenoob
96.9%
A person who stays in one spotcamper
95.8%
The games abbreviated name COD
90.2%
A person who has cheated the gamehacker
81.9%
when a sniper is used but the scope is notno-scope
78%
A person who uses a grenade launchernoob-tuber
66.7%
Desert EagleDeagle
61.6%
Search and destroysnd
49.3%
uses an automatic gun but not aimingspray and pray
35.7%
Tricking a player into going one way and then killing himflank
10.1%
in call of duty 4, the p-90p-nasty
5.3%
The m16 gunnoob16
4.3%
When a player only uses a knifebonzai
3.6%

You're not logged in!

Compare scores with friends on all Sporcle quizzes.
Join for Free
OR
Log In

You Might Also Like...

Show Comments

Extras

Created Mar 1, 2011ReportNominate
Tags:Call of Duty, slang, term

Top Quizzes Today


Score Distribution

Your Account Isn't Verified!

In order to create a playlist on Sporcle, you need to verify the email address you used during registration. Go to your Sporcle Settings to finish the process.

Report this User

Report this user for behavior that violates our Community Guidelines.

Details: